000
00301nam a2200109Ia 4500
008
200302s9999 xx 000 0 und d
100
_a
Paul Goldberger
245
_a
Cesar Pelli Buildings and Projects 1965-1990
260
_b
Rizzoli International Publications, Inc.
260
_c
1990
300
_a
288 P.,
999
_c
1124
_d
1124